Náklady - základná veličina finančného riadenia podnikov

Náklady sú hlavnou veličinou, ktorú môže podnik riadiť vo vnútri podniku. Náklady z pohľadu manažérskeho účtovníctva so zameraním na definovanie nákladov, hlavné zložky nákladov a meranie efektívnosti použitia nákladov pomocou rôznych pomerových ukazovateľov.

Na minha lista:
Detalhes bibliográficos
Autor principal: Lajoš, Branislav
Outros Autores: Kostková, Albína, 1951-
Formato: Capítulo de Livro
Idioma:eslovaco
Assuntos:
Tags: Adicionar Tag
Sem tags, seja o primeiro a adicionar uma tag!

MARC

LEADER 00000naa$a2200000$$$4500
001 0146376
005 20240604114300.5
041 0 |a slo 
044 |a SK 
245 1 0 |a Náklady - základná veličina finančného riadenia podnikov  |c Branislav Lajoš, Albína Kostková 
520 |a Náklady sú hlavnou veličinou, ktorú môže podnik riadiť vo vnútri podniku. Náklady z pohľadu manažérskeho účtovníctva so zameraním na definovanie nákladov, hlavné zložky nákladov a meranie efektívnosti použitia nákladov pomocou rôznych pomerových ukazovateľov. 
610 2 0 |a podnik 
610 2 0 |a riadenie finančné 
610 2 0 |a náklady 
610 2 0 |a účtovanie nákladov 
610 2 0 |a účtovníctvo vnútropodnikové 
610 2 0 |a účtovníctvo manažérske 
100 1 |a Lajoš, Branislav 
700 1 |a Kostková, Albína, 1951-